00599 2200229 4500001002100000005001500021035002000036245004700056100001800103250001000121300002100131700002600152700002500178260004300203082001000246084001600256020002200272650001000294650001000304008004100314990001400355INLIS00000000000206220260630022249 a0010-06260000061 aKesuburan Tanah dan Pupuk /cWanti Mindari0 aWanti Mindari aCet I a203 hlm ;c23 cm0 aBakti Wisnu Widjajani0 aRossyda Priyadarsini aYogyakarta :bGosyen Publishing,c2018 a631.8 a631.8 WAN k a978-602-1107-92-8 4aTanah 4aPupuk260630 0 ind  a202600041